Constitución bolivariana : (Registro nro. 10289)

Detalles MARC
000 -LIDER
fixed length control field 00717cam a2200253 4500
001 - NÚMERO DE CONTROL
Identificador de número de control 0219
003 - IDENTIFICACDOR DE NÚMERO DE CONTROL
control field DO-SdBNP
005 - DATE AND TIME OF LATEST TRANSACTION
control field 20180122113722.0
007 - CAMPOS FIJOS DE DESCRIPCIÓN FÍSICA
fixed length control field 0219
008 - ELEMENTOS DE LONGITUD FIJA
fixed length control field 080626s2007 ve | ||||o000 0 spa
020 ## - ISBN
International Standard Book Number 9789806604445
035 ## - NÚMERO LOCAL
System control number
040 ## - FUENTE DE CATALOGACIÓN
Agencia que crea de manera original el registro BPMSU
Idioma de catalogación spa
Agencia que realiza la transcripción BPMSU
Convenciones de la despripción
080 ## - NÚMERO DE CLASIFICACIÓN DECIMAL UNIVERSAL
Universal Decimal Classification number
100 ## - ASIENTO PRINCIPAL -- NOMBRE PERSONAL
Nombre personal Calzadilla, Agusntín
110 1# - ASIENTO PRINCIPAL--NOMBRE CORPORATIVO
Nombre corporativo o de jurisdicción Venezuela
240 10 - TITULO UNIFORME
Título uniforme
245 10 - MENCIÓN DE TITULO
Título Constitución bolivariana :
Subtítulo reforma y socialismo del siglo XXI /
Mención de responsabilidad Agustín Calzadilla
260 ## - PUBLICACIÓN, DISTRIBUCIÓN, ETC. (PIE DE IMPRENTA)
Lugar de publicación, distribución, etc [Caracas]:
Nombre del editor, distribuidor, etc. Fondo Editorial Febrero Revelde
Fecha de publicación, distribución, etc 2007
300 ## - DESCRIPCIÓN FÍSICA
Extensión 138 p. :
Otros detalles físicos il.;
Dimensiones 23 cm
942 ## - ADDED ENTRY ELEMENTS (KOHA)
Source of classification or shelving scheme Dewey Decimal Classification
Koha item type Libros
945 ## - INFORMACIÓN DE PROCESAMIENTO LOCAL
Información de procesamiento local Inventariado extranjero / 2018 VM
956 ## - LOCAL ELECTRONIC LOCATION AND ACCESS (OCLC)
Nombre de host VMATEO
Número de acceso 10
Información de compresión 20160607
Trayectoria BPMSU
Nombre Electrónico 0069
Existencias
Withdrawn status Lost status Source of classification or shelving scheme Damaged status Not for loan Home library Current library Date acquired Source of acquisition Total Checkouts Barcode Date last seen Price effective from Koha item type
    Dewey Decimal Classification     Biblioteca Pública Metropolitana Salomé Ureña Biblioteca Pública Metropolitana Salomé Ureña 06/07/2016 FUNDI   BPM16060078 06/07/2016 06/07/2016 Libros